Roteiro do céu (Registo nº 199769)

Detalhes MARC
000 -Etiqueta do registo
Valores 00744nam 22002413 4500
010 ## - Número ISBN
ISBN 972-707-125-2
021 ## - Número do Depósito Legal
Código do país Portugal
Número 144462/99
100 ## - Dados gerais de processamento
Dados gerais 20260107d u||y0pory50 ba
200 ## - Titulo e menção de responsabilidade
Título próprio Roteiro do céu
Informação de outro título como identificar facilmente as estrelas e as constelações sem se perder no céu
Primeira menção de responsabilidade Guilherme de Almeida
205 ## - Menção da edição
Edição
210 ## - Publicação
Local de publicação Lisboa
Nome do editor Plátanos
Data de publicação 1999
215 ## - Descrição física 
Paginação / Volumes 191 p.
Outras indicações físicas il. ; brochado
Dimensões 24 cm
606 ## - Nome comum usado como assunto
ID Autoridade 2190
Palavra de ordem Astronomia. Astrofísica. Pesquisa Espacial.Geodésia
610 ## - Termos não controlados
Palavra de ordem Estrelas
610 ## - Termos não controlados
Palavra de ordem Sistemas estrelas
610 ## - Termos não controlados
Palavra de ordem Universo
675 ## - CDU
Notação 524
Edição PT
Língua por
700 ## - Autor principal (pessoa individual)
ID Autoridade 15568
Apelido Almeida
Nome Guilherme de
Datas 1950-
801 ## - Fonte de origem
País PT
Agência BMMN
Regras de catalogação RPC
830 ## - Notas gerais do catalogador
Criado por Ana
Indexado por Ana
990 ## - Elementos KOHA
Tipo de documento Livro
Exemplares
Situação do levantamento Biblioteca de origem Código de barras Cota Permissão de empréstimo Tipo de documento Forma de aquisição
  Biblioteca Municipal de Montemor-o-Novo 28774 52 ALM|DEP   Livro Compra

Powered by Koha